{"text_format":"3","workbook":"xls","n_sheets":1,"sheets":["Sheet1"],"read":"whole","date_system":"1900","formulas":"cached_only"}

{"sheet":"Sheet1","index":0,"n_rows":30,"n_cols":9,"rows_kept":30,"merged":[[29,0,29,8]],"flags":["formulas_cached_only"]}
["序号","捐赠单位/个人","物品编码","物品名称","型号","单位","数量","单价","金额"]
[1,"广东中科天元新能源科技有限公司","0205-01","75%药用乙醇","15kg","桶",20,{"v":295.8,"d":"295.80"},{"v":5916,"d":"5,916.00"}]
[2,"个人（李卫红女士）","I000011650","KN95口罩",null,"个",300,28.23,{"v":8469,"d":"8,469.00"}]
[3,"诺康得医疗科技（深圳）有限公司","I000011651","防护服envirochem",null,"件",100,{"v":230,"d":"230.00"},{"v":23000,"d":"23,000.00"}]
[4,"广州艾维迪生物技术有限公司","I000011655","Clean Star 防护服","DR-2600J","件",90,{"v":238,"d":"238.00"},{"v":21420,"d":"21,420.00"}]
[null,"广州艾维迪生物技术有限公司","I000011656","3M N95口罩",null,"个",160,{"v":40,"d":"40.00"},{"v":6400,"d":"6,400.00"}]
[5,"个人（小七，微信名）","I000011710","3M 口罩",8810,"个",80,28.23,{"v":2258.4,"d":"2,258.40"}]
[null,"个人（小七，微信名）","I000011711","3M 口罩","C111","个",10,28.23,{"v":282.3,"d":"282.30"}]
[6,"广州市声望健康信息咨询有限公司","I000011666","一次性医用外口罩",null,"个",5000,{"v":0.9,"d":"0.90"},{"v":4500,"d":"4,500.00"}]
[7,"个人（沈斐、仲黎明）","I000011666","医用外科口罩",null,"个",1000,{"v":0.9,"d":"0.90"},{"v":900,"d":"900.00"}]
[8,"个人（蔡美昌）","I000011683","金佰利防护服",null,"件",41,{"v":230,"d":"230.00"},{"v":9430,"d":"9,430.00"}]
[9,"个人（胡玲任）","I000011682","隔离衣",null,"件",100,{"v":100,"d":"100.00"},{"v":10000,"d":"10,000.00"}]
[10,"农行广州华南支行","I000011666","普通医用口罩",null,"个",1600,{"v":0.9,"d":"0.90"},{"v":1440,"d":"1,440.00"}]
[11,"河南强森商贸有限公司","I000011713","普通医用口罩",null,"个",400,{"v":0.9,"d":"0.90"},{"v":360,"d":"360.00"}]
[12,"南昌报春医疗器械有限公司","I000011666","普通医用口罩",null,"个",1080,{"v":0.9,"d":"0.90"},{"v":972,"d":"972.00"}]
[13,"杭州朗索医用消毒剂有限公司","0226-01","速干手消毒凝胶","500ml","瓶",480,{"v":22,"d":"22.00"},{"v":10560,"d":"10,560.00"}]
[null,"杭州朗索医用消毒剂有限公司","0226-02","表面消毒巾","50抽","包",400,{"v":22,"d":"22.00"},{"v":8800,"d":"8,800.00"}]
[14,"广州医药有限公司","0226-03","二氧化氯消毒片","10kg","桶",1,{"v":800,"d":"800.00"},{"v":800,"d":"800.00"}]
[15,"广东省工程技术研究所","0227-01","健益牌75%酒精消毒液","500ml","瓶",480,{"v":8.7,"d":"8.70"},{"v":4176,"d":"4,176.00"}]
[16,"个人（不留名）","I000011713","普通医用口罩",null,"个",200,{"v":0.9,"d":"0.90"},{"v":180,"d":"180.00"}]
[17,"中行广东省分行广州番禺支行","I000011738","Wellday隔离衣",null,"件",500,{"v":15,"d":"15.00"},{"v":7500,"d":"7,500.00"}]
[18,"个人（贺玉红）","I000011773","防护面屏（手工）",null,"个",112,{"v":12,"d":"12.00"},{"v":1344,"d":"1,344.00"}]
[19,"诺康得医疗科技（深圳）有限公司","I000011777","TYVEK防护服",null,"件",101,{"v":230,"d":"230.00"},{"v":23230,"d":"23,230.00"}]
[null,"诺康得医疗科技（深圳）有限公司","I000011778","SMS COVERALL防护服",null,"件",150,{"v":230,"d":"230.00"},{"v":34500,"d":"34,500.00"}]
[20,"中国农业银行广州华南支行","I000011713","普通医用口罩",null,"个",2000,{"v":0.9,"d":"0.90"},{"v":1800,"d":"1,800.00"}]
[21,"视联动力信息技术股份有限公司","I000011814","紫外线消毒灯",null,"台",2,{"v":1200,"d":"1200.00"},{"v":2400,"d":"2,400.00"}]
[22,"台达电子（东莞）有限公司","I000011797","壁挂式新风机",null,"台",6,{"v":4000,"d":"4000.00"},{"v":24000,"d":"24,000.00"}]
[null,"台达电子（东莞）有限公司","I000011798","柜式新风机",null,"台",3,{"v":6000,"d":"6000.00"},{"v":18000,"d":"18,000.00"}]
[{"$nulls":8},{"v":232637.7,"d":"232,637.70"}]
["说明：1、在捐赠文件中注明单价的，按该单价标记。2、在捐赠文件中未注明单价的，按仓库的最近采购价标记。"]